000 00510nam a2200205Ia 4500
005 20250123052611.0
008 240331s9999 xx 000 0 und d
020 _a8185880921
082 _bDAS
_22294
_a305.4
245 0 _aChanging Family Roles and Feminism
260 _aNew Delhi
_bM D Publications Pvt Ltd
_c1996
300 _axii, 145 p.,
650 _aFamily
650 _aFeminism
650 _aWomen
650 _aMarriage
700 _aDas, M. S
_eedt
700 _aGupta, V. K
_eedt
942 _cL
999 _c1947
_d1947